1442 1784 1800 1291 1442 1434 1923 1343 1726 1631 1339 1286 1063 1870 1708 1626 1276 1384 1504 1375 1446 1059 1446 1967 1313 1874 1966 1361 1765 1943 1489 1623 1978 1843 1683 1428 1027 1497 1891 1646 1060 1857 1679 1055 1450 1917 1567 1705 1547 1026 1765 1358 1943 1265 1318 1038 1430 1405 1113 1554 1458 1502 1010 1569 1754 1788 1050 1311 1001 1827 1487 1698 1760 1027 1563 1436 1051 1045 1144 1619 1210 1417 1553 1253 1304 1874 1946 1709 1674 1578 1317 1257 1952 1430 1918 1994 1456 1388 1138 BCNSPRNW ULIB Ver.6.0+V

เปลี่ยนเป็นภาษาไทย

Change to English
 แสดงรายละเอียดบรรณานุกรม
  กลับหน้าหลัก

Brief Record : Get Marc (ISO 2709) : E-mail record : QR code < ปิดหน้าต่าง
LEADER : 00000nam 2200000uu 4500
001    13399121730
003     ULIB
008    121203s2554||||th 000 0 tha d
020    ^a9786160805051
050  4 ^aLB1028.55^bร442ส
100 0  ^aราตรี วิศิษฎ์สุรวงศ์
245 10 ^aสร้างงาน e-Learning ด้วย CourseLab /^cราตรี วิศิษฎ์สุรวงศ์
260    ^aกรุงเทพฯ :^bซีเอ็ดยูเคชั่น,^c2554
300    ^a328 หน้า :^bภาพประกอบ ;^c22 ซม.
650  4 ^aคอมพิวเตอร์ช่วยสอน
650  4 ^aการเรียนการสอนผ่านเว็บ
945    ^p219^l0^i033161
945    ^p219^l0^i033164
995    เกษร
999    ^aใช้งานได้ทุกระบบ
รายการนี้ยังไม่มีแท็ก
คุณยังไม่ได้ล็อกอิน คุณสามารถมีกิจกรรมร่วมกับเว็บไซต์ได้ แต่ต้องล็อกอินก่อน ::
  ล็อกอิน

รายการสื่อสารสนเทศ

ลำดับที่ ประเภท เลขเรียก/บาร์โค้ด สถานที่ สถานะ
1. วิทยาศาสตร์การแพทย์ และสุขภาพ
หนังสือสำรอง
สถานะ=หนังสือสำรอง
LB1028.55 ร442ส ฉ.1 
  Barcode: 033161
ห้องสมุดวิทยาเขตสวรรค์ประชารักษ์
►หนังสือทั่วไป
บนชั้น
2. วิทยาศาสตร์การแพทย์ และสุขภาพ
วิทยาศาสตร์การแพทย์ และสุขภาพ
LB1028.55 ร442ส ฉ.2 
  Barcode: 033164
ห้องสมุดวิทยาเขตสวรรค์ประชารักษ์
►หนังสือทั่วไป
บนชั้น

รายการใกล้เคียง
    หัวเรื่อง [คอมพิวเตอร์ช่วยสอน]
    หัวเรื่อง [การเรียนการสอนผ่านเว็บ]

BibComment


ยังไม่เคยถูกคอมเมนท์

คอมเมนท์ทรัพยากรรายการนี้
  คอมเมนท์: สร้างงาน eLearni..


 Copyright 2026. Bcnsprnw @Library